Optimal control of stochastic systems in the case of continuous-discrete observation channels with memory; Automatic Control and Computer Sciences; Vol. 40, Iss. 6
| Parent link: | Automatic Control and Computer Sciences.— , 2006 Vol. 40, Iss. 6.— 2006.— P. 1-10 |
|---|---|
| Main Author: | |
| Other Authors: | |
| Summary: | A proof of the separation theorem in the problem of optimal control of stochastic systems over a set of realizations of processes with continuous and discrete time which possess memory of arbitrary multiplicity relative to the state vector of the system is presented. An informal example is considered. В фонде НТБ ТПУ отсутствует |
| Language: | Russian |
| Published: |
2006
|
| Subjects: | |
| Format: | Book Chapter |
| KOHA link: | https://koha.lib.tpu.ru/cgi-bin/koha/opac-detail.pl?biblionumber=601945 |
MARC
| LEADER | 00000naa0a2200000 4500 | ||
|---|---|---|---|
| 001 | 601945 | ||
| 005 | 20250224091034.0 | ||
| 035 | |a (RuTPU)RU\TPU\tpu\27131 | ||
| 090 | |a 601945 | ||
| 100 | |a 20150420d2006 k||y0rusy50 ca | ||
| 101 | 0 | |a rus | |
| 102 | |a RU | ||
| 200 | 1 | |a Optimal control of stochastic systems in the case of continuous-discrete observation channels with memory |f N. S. Demin, S. V. Rozhkova | |
| 320 | |a References: 17 tit. | ||
| 330 | |a A proof of the separation theorem in the problem of optimal control of stochastic systems over a set of realizations of processes with continuous and discrete time which possess memory of arbitrary multiplicity relative to the state vector of the system is presented. An informal example is considered. | ||
| 333 | |a В фонде НТБ ТПУ отсутствует | ||
| 461 | |t Automatic Control and Computer Sciences |d 2006 | ||
| 463 | |t Vol. 40, Iss. 6 |v P. 1-10 |d 2006 | ||
| 610 | 1 | |a труды учёных ТПУ | |
| 700 | 1 | |a Demin |b N. S. |g Nikolas S. | |
| 701 | 1 | |a Rozhkova |b S. V. |c mathematician |c Professor of Tomsk Polytechnic University, Doctor of Physical and Mathematical Sciences |f 1971- |g Svetlana Vladimirovna |3 (RuTPU)RU\TPU\pers\34139 |9 17679 | |
| 801 | 1 | |a RU |b 63413507 |c 20150420 | |
| 801 | 2 | |a RU |b 63413507 |c 20150424 |g RCR | |
| 942 | |c CR | ||